000 00411nam a2200145 a 4500
001 000031541
005 20200930063013.0
008 110627s2004 dr 000 0 spa d
040 _aDO-SdBNP
_bspa
_cBNPHU
100 1 _aJesús Reynoso, Antony de
_d1967-
_957905
245 1 0 _aDanzando con la muerte :
_bla película.
260 _a[Santo Domingo] :
_b[s.n.].
300 _a96 p. :
_bil. ;
_c28 cm.
049 _aBNPD
999 _c31033
_d31033